000
00348nam a22001337a 4500
005
20170420100538.0
008
170420b xxu||||| |||| 00| 0 eng d
040
_c
PK-LaUMT
082
_a
ZIAC 297.05
_b
ALA-
245
_a
الاصدارات العربیۃ/
260
_a
جدہ:
_b
المعھدالعلالمی،
_c
1981
300
_a
[]
942
_c
BK
999
_c
92747
_d
92747